The History of Eritrea / (رقم التسجيلة. 195187)

تفاصيل مارك
000 -الفاتح
عناصر البيانات ثابتة الطول 00590cam a2200193 i 4500
005 - تاريخ ووقت آخر معاملة
حقل ضبط 20260406095548.0
008 - عناصر البيانات ثابتة الطول
عناصر البيانات ثابتة الطول 250721s1974 le gr 000 0 eng d
041 ## - كود اللغة
كود اللغة لنص/مسار صوت أو عنوان منفصل ara
-- eng
082 14 - رقم تصنيف ديوي العشري
رقم التصنيف 963.5
رقم المادة O T H
100 1# - مدخل رئيسي – اسم شخصي
الاسم الشخصي Sabby, Othman Saleh
علاقة الشخص بالعمل/ دوره Author.
245 14 - بيان العنوان
العنوان The History of Eritrea /
بيان المسؤولية by Oyhman Saleh Sabby ؛ Translated by Muhamad Fawaz AL-Azam.
264 31 - بيانات النشر، التوزيع…إلخ
مكان النشر، التوزيع...إلخ Beirut :
اسم الناشر، الموزع...إلخ Dar Al - Masirah,
تاريخ النشر، التوزيع...إلخ 1974.
300 ## - الوصف المادي
عدد الوحدات المكونة للوعاء 272 pages.
650 17 - مدخل إضافي بالموضوع - مصطلح موضوعي
مصطلح موضوعي أو اسم جغرافي كعنصر مدخل Eritrea.
650 17 - مدخل إضافي بالموضوع - مصطلح موضوعي
مصطلح موضوعي أو اسم جغرافي كعنصر مدخل History.
700 1# - مدخل إضافي - اسم شخصي
الاسم الشخصي Al - Azem, Muhamad Fawaz
علاقة الشخص بالعمل/ دوره translator.
942 ## - بيانات إضافية (كوها)
نوع التنصيف Dewey Decimal Classification
نوع المادة (كوها) كتب
المقتنيات
حالة السحب حالة الفقدان مصدر التصنيف حالة التلف غير قابل للإعارة المكتبة الرئيسية المكتبة الحالية موقع الرف تاريخ التزويد العملة رقم المخزون Total Checkouts رقم الإستدعاء الباركود تاريخ آخر ظهور تاريخ الفاتورة نوع المادة (كوها)
    Dewey Decimal Classification     المكتبة المركزية المكتبة المركزية الإعارة 06/04/2026 JOD 44893   963.5 / O T H 44893 06/04/2026 06/04/2026 كتب
Implemented & Customized by: BBB with SCIT (Smart Chains for Information Technology)

Powered by Koha